000 00458cam a2200169ua 4500
020 _a81-85324-09-3
041 _aeng
_h
082 _a633
_bDAN/ES
100 _aDaniel, R R .
245 0 0 _aEssays on particles and fields : M G K Menon festschrift /
_cR R Daniel.
_hTextual Documents
260 _aBangalore :
_bIndian Academy of Sciences ,
_c1989.
300 _a307 ; .
504 _a
700 1 _aSreekantan, B V .
942 _cBK
999 _c558
_d558